[Event "Liga Madrileña 2010/2011 - D. Honor"]
[Site "Madrid ESP"]
[Date "2010.11.21"]
[Round "1.11"]
[White "Herraiz Hidalgo, Herminio"]
[Black "Valles Moreno, Ivan"]
[Result "1/2-1/2"]
[WhiteElo "2494"]
[BlackElo "2366"]
[PlyCount "48"]
[EventDate "2010.11.21"]
[EventType "team"]
[EventRounds "14"]
[EventCountry "ESP"]
[Source "lmi"]
[SourceDate "2010.11.21"]
[WhiteTeam "Vallecas CDV"]
[BlackTeam "Amigos del Retiro"]
[WhiteTeamCountry "ESP"]
[BlackTeamCountry "ESP"]

1. d4 e6 2. Nf3 f5 3. g3 Nf6 4. Bg2 d5 5. O-O Bd6 6. c4 c6 7. Nc3 O-O 8. Qc2
Qe7 9. Bg5 h6 10. Bf4 Bxf4 11. gxf4 Bd7 12. e3 Be8 13. Rfc1 Nbd7 14. cxd5 Nxd5
15. Qb3 N7f6 16. Qa3 Qd8 17. Na4 b6 18. Nc3 a5 19. Qb3 Rc8 20. Qc2 Bh5 21. Ne5
Ng4 22. Nf3 Ngf6 23. Ne5 Ng4 24. Nf3 Ngf6 1/2-1/2

[Event "Liga Madrileña 2010/2011 - D. Honor"]
[Site "Madrid ESP"]
[Date "2010.11.21"]
[Round "1.12"]
[White "Vallejo Diaz, Javier"]
[Black "Madina Yadarola, Martin"]
[Result "1-0"]
[WhiteElo "2350"]
[BlackElo "2289"]
[PlyCount "67"]
[EventDate "2010.11.21"]
[EventType "team"]
[EventRounds "14"]
[EventCountry "ESP"]
[Source "lmi"]
[SourceDate "2010.11.21"]
[WhiteTeam "Amigos del Retiro"]
[BlackTeam "Vallecas CDV"]
[WhiteTeamCountry "ESP"]
[BlackTeamCountry "ESP"]

1. e4 c5 2. Nf3 d6 3. Bb5+ Nd7 4. d4 cxd4 5. Qxd4 e5 6. Qd3 Be7 7. O-O h6 8. c4
Ngf6 9. Nc3 O-O 10. Bxd7 Bxd7 11. Be3 Bc6 12. Rad1 Nxe4 13. Nxe4 f5 14. Nxd6 e4
15. Qb3 exf3 16. c5+ Kh7 17. Nxf5 Qc8 18. Nxe7 Qg4 19. g3 Qh3 20. Qd3+ Kh8 21.
Ng6+ Kg8 22. Nh4 Rf6 23. Qc4+ Kh7 24. Rd6 Raf8 25. Rxf6 Rxf6 26. Bd4 Re6 27.
Bc3 a6 28. Qd4 Re7 29. Qf4 Be4 30. Re1 Bd3 31. Be5 g5 32. Qf6 Rxe5 33. Qxe5
gxh4 34. Qe7+ 1-0

[Event "Liga Madrileña 2010/2011 - D. Honor"]
[Site "Madrid ESP"]
[Date "2010.11.21"]
[Round "1.13"]
[White "Pastor Alonso de Prado, Alberto"]
[Black "Garcia Cuenca, Victor"]
[Result "1/2-1/2"]
[WhiteElo "2176"]
[BlackElo "2329"]
[PlyCount "77"]
[EventDate "2010.11.21"]
[EventType "team"]
[EventRounds "14"]
[EventCountry "ESP"]
[Source "lmi"]
[SourceDate "2010.11.21"]
[WhiteTeam "Vallecas CDV"]
[BlackTeam "Amigos del Retiro"]
[WhiteTeamCountry "ESP"]
[BlackTeamCountry "ESP"]

1. e4 c5 2. Nf3 e6 3. c3 Nf6 4. e5 Nd5 5. d4 cxd4 6. Qxd4 Nc6 7. Qe4 f5 8. exf6
Qxf6 9. Bd3 Bd6 10. O-O b6 11. Re1 Nf4 12. Bf1 Bb7 13. Nbd2 O-O 14. Qa4 Qg6 15.
Ne4 Bc7 16. g3 Qh5 17. Bxf4 Bxf4 18. Bg2 Bc7 19. Qd1 Rad8 20. Ned2 Rf7 21. Nd4
Qh6 22. Qe2 Rdf8 23. f4 e5 24. fxe5 Nxd4 25. cxd4 Rf2 26. Qc4+ Kh8 27. Ne4 Qd2
28. Bh3 Bxe4 29. Rxe4 Rxh2 30. Rf1 Rff2 31. Re2 Rxf1+ 32. Kxh2 Rf2+ 33. Rxf2
Qxf2+ 34. Bg2 Qf5 35. Qxc7 Qh5+ 36. Bh3 Qe2+ 37. Bg2 Qh5+ 38. Kg1 Qd1+ 39. Kh2
1/2-1/2

[Event "Liga Madrileña 2010/2011 - D. Honor"]
[Site "Madrid ESP"]
[Date "2010.11.21"]
[Round "1.14"]
[White "Fernandez Garcia, Miguel Angel"]
[Black "Montañes Arribas, Adrian"]
[Result "1-0"]
[WhiteElo "2304"]
[BlackElo "2147"]
[PlyCount "107"]
[EventDate "2010.11.21"]
[EventType "team"]
[EventRounds "14"]
[EventCountry "ESP"]
[Source "lmi"]
[SourceDate "2010.11.21"]
[WhiteTeam "Amigos del Retiro"]
[BlackTeam "Vallecas CDV"]
[WhiteTeamCountry "ESP"]
[BlackTeamCountry "ESP"]

1. d4 d5 2. c4 c6 3. Nf3 Nf6 4. e3 Bf5 5. Nc3 e6 6. Nh4 Be4 7. f3 Bg6 8. Qb3
Qb6 9. Nxg6 hxg6 10. Qxb6 axb6 11. Bd2 Bd6 12. f4 Nbd7 13. Bd3 Ke7 14. e4 dxe4
15. Nxe4 Nxe4 16. Bxe4 Nf6 17. Bf3 Ra4 18. b3 Ra3 19. Bc1 Bb4+ 20. Kf2 Ra5 21.
Bb2 Rha8 22. a4 Rh8 23. h4 Raa8 24. g3 Rad8 25. Rad1 Rd7 26. Rd3 Rhd8 27. Rhd1
Kf8 28. Ke2 Nh5 29. Kf2 Nf6 30. Bc1 Ng8 31. Be3 Ne7 32. Ke2 Ba5 33. Bf2 Ke8 34.
h5 gxh5 35. Bxh5 g6 36. Bg4 Kf8 37. Bf3 Kg7 38. g4 f6 39. g5 Nf5 40. Bg4 Nd6
41. d5 Ne4 42. gxf6+ Kxf6 43. Bh4+ g5 44. fxg5+ Kg6 45. dxe6 Nc3+ 46. Rxc3 Rxd1
47. Rf3 R8d2+ 48. Ke3 Rd3+ 49. Ke4 Rxf3 50. e7 Kf7 51. g6+ Ke8 52. g7 Rf4+ 53.
Kxf4 Bd2+ 54. Ke4 1-0

[Event "Liga Madrileña 2010/2011 - D. Honor"]
[Site "Madrid ESP"]
[Date "2010.11.21"]
[Round "1.15"]
[White "Martin Duque, Jesus"]
[Black "Sanchez Gonzalez, Sergio"]
[Result "0-1"]
[WhiteElo "2115"]
[BlackElo "2291"]
[PlyCount "110"]
[EventDate "2010.11.21"]
[EventType "team"]
[EventRounds "14"]
[EventCountry "ESP"]
[Source "lmi"]
[SourceDate "2010.11.21"]
[WhiteTeam "Vallecas CDV"]
[BlackTeam "Amigos del Retiro"]
[WhiteTeamCountry "ESP"]
[BlackTeamCountry "ESP"]

1. e4 c5 2. Nf3 d6 3. d4 Nf6 4. Nc3 cxd4 5. Nxd4 e6 6. g4 h6 7. h4 a6 8. Bg2
Qb6 9. g5 hxg5 10. hxg5 Rxh1+ 11. Bxh1 Nfd7 12. f4 Nc6 13. Nde2 Nc5 14. b3 Qc7
15. Bb2 b5 16. a3 Rb8 17. Qd2 a5 18. Ng3 b4 19. axb4 Nxb4 20. Rd1 Ba6 21. Nge2
Qb6 22. Qc1 a4 23. bxa4 Nxc2+ 24. Qxc2 Qxb2 25. Qxb2 Rxb2 26. Nb5 Rxe2+ 27.
Kxe2 Nxa4 28. Rb1 Bxb5+ 29. Kd2 Bc6 30. Rb8+ Ke7 31. Bf3 f5 32. gxf6+ gxf6 33.
Bd1 Nc5 34. e5 Bh6 35. exd6+ Kxd6 36. Ke3 e5 37. Rh8 Bxf4+ 38. Kf2 e4 39. Rd8+
Nd7 40. Bg4 e3+ 41. Ke2 Bb5+ 42. Kd1 f5 43. Be2 Ba4+ 44. Ke1 Bg3+ 45. Kf1 f4
46. Kg2 Bc6+ 47. Kh3 Bf2 48. Kg4 Kc7 49. Rh8 f3 50. Bxf3 Ne5+ 51. Kf4 Nxf3 52.
Rh7+ Kd6 53. Rh6+ Kc5 54. Re6 Ne1 55. Rxe3 Ng2+ 0-1

[Event "Liga Madrileña 2010/2011 - D. Honor"]
[Site "Madrid ESP"]
[Date "2010.11.21"]
[Round "1.16"]
[White "Vallejo Diaz, Jesus"]
[Black "Madurga Lopez, Ignacio"]
[Result "1-0"]
[WhiteElo "2273"]
[BlackElo "1988"]
[PlyCount "55"]
[EventDate "2010.11.21"]
[EventType "team"]
[EventRounds "14"]
[EventCountry "ESP"]
[Source "lmi"]
[SourceDate "2010.11.21"]
[WhiteTeam "Amigos del Retiro"]
[BlackTeam "Vallecas CDV"]
[WhiteTeamCountry "ESP"]
[BlackTeamCountry "ESP"]

1. e4 c5 2. Nf3 d6 3. c3 Nf6 4. h3 Nbd7 5. Bd3 b6 6. O-O Bb7 7. Re1 Qc7 8. Qe2
Rc8 9. b3 g6 10. Bb2 Bg7 11. Na3 O-O 12. Rac1 e5 13. Bb1 Rfe8 14. Nb5 Qb8 15.
c4 Nf8 16. Nc3 Ne6 17. Nd5 Nxd5 18. exd5 Nf4 19. Qe3 b5 20. Ba1 b4 21. Kh2 Rc7
22. d4 cxd4 23. Bxd4 a6 24. Ba1 Rce7 25. g3 Bh6 26. Ng1 Bf8 27. gxf4 exf4 28.
Qd2 1-0

[Event "Liga Madrileña 2010/2011 - D. Honor"]
[Site "Madrid ESP"]
[Date "2010.11.21"]
[Round "1.21"]
[White "Hernandez Gallardo, Francisco Javier"]
[Black "Gallego Jimenez, Victoriano"]
[Result "1-0"]
[WhiteElo "2330"]
[BlackElo "2398"]
[PlyCount "73"]
[EventDate "2010.11.21"]
[EventType "team"]
[EventRounds "14"]
[EventCountry "ESP"]
[Source "lmi"]
[SourceDate "2010.11.21"]
[WhiteTeam "Moratalaz"]
[BlackTeam "La Casa del Ajedrez"]
[WhiteTeamCountry "ESP"]
[BlackTeamCountry "ESP"]

1. e4 e6 2. d4 d5 3. Nc3 Bb4 4. e5 c5 5. a3 Bxc3+ 6. bxc3 Ne7 7. Qg4 O-O 8. Bd3
Qa5 9. Bd2 Nbc6 10. Nf3 f5 11. exf6 Rxf6 12. Qh5 g6 13. Qg5 Rxf3 14. gxf3 c4
15. Be2 Bd7 16. h4 Rf8 17. h5 Be8 18. f4 Nf5 19. hxg6 Bxg6 20. Bh5 Nce7 21. Ke2
Qa4 22. Rh3 h6 23. Qg4 Kf7 24. Bxg6+ Nxg6 25. Rg1 Rg8 26. Kd1 Qxa3 27. Rh5 Qa1+
28. Bc1 Kf6 29. Qh3 Qa5 30. Rxf5+ exf5 31. Qxh6 Kf7 32. Qh5 Qxc3 33. Qxf5+ Ke7
34. Re1+ Kd8 35. Qxd5+ Kc7 36. Qf7+ Kb6 37. Re6+ 1-0

[Event "Liga Madrileña 2010/2011 - D. Honor"]
[Site "Madrid ESP"]
[Date "2010.11.21"]
[Round "1.22"]
[White "Rojo Huerta, Gabriel"]
[Black "Serrano Salvador, Eduardo"]
[Result "1/2-1/2"]
[WhiteElo "2375"]
[BlackElo "2359"]
[PlyCount "41"]
[EventDate "2010.11.21"]
[EventType "team"]
[EventRounds "14"]
[EventCountry "ESP"]
[Source "lmi"]
[SourceDate "2010.11.21"]
[WhiteTeam "La Casa del Ajedrez"]
[BlackTeam "Moratalaz"]
[WhiteTeamCountry "ESP"]
[BlackTeamCountry "ESP"]

1. d4 d5 2. c4 c6 3. Nf3 Nf6 4. e3 e6 5. Bd3 Nbd7 6. O-O Bd6 7. b3 O-O 8. Bb2
Ne4 9. Nbd2 f5 10. Ne5 Rf6 11. f3 Nxd2 12. Qxd2 Rh6 13. g3 Nxe5 14. dxe5 Bc5
15. cxd5 Qb6 16. Rfe1 exd5 17. Qf2 Be7 18. Qc2 Bc5 19. Qf2 Be7 20. Qc2 Bc5 21.
Qf2 1/2-1/2

[Event "Liga Madrileña 2010/2011 - D. Honor"]
[Site "Madrid ESP"]
[Date "2010.11.21"]
[Round "1.23"]
[White "Ramirez Garcia, Jorge Alberto"]
[Black "Elguezabal Varela, Daniel"]
[Result "0-1"]
[WhiteElo "2255"]
[BlackElo "2357"]
[PlyCount "82"]
[EventDate "2010.11.21"]
[EventType "team"]
[EventRounds "14"]
[EventCountry "ESP"]
[Source "lmi"]
[SourceDate "2010.11.21"]
[WhiteTeam "Moratalaz"]
[BlackTeam "La Casa del Ajedrez"]
[WhiteTeamCountry "ESP"]
[BlackTeamCountry "ESP"]

1. e4 c5 2. c3 d6 3. d4 Nf6 4. Bd3 cxd4 5. cxd4 g6 6. h3 Bg7 7. Nf3 O-O 8. O-O
Nc6 9. Nc3 e5 10. dxe5 dxe5 11. Bc4 Nh5 12. Be3 Nd4 13. Bxd4 exd4 14. Nb5 Qb6
15. Rb1 Be6 16. Bxe6 Qxb5 17. Bb3 Rad8 18. g3 Qb6 19. Rc1 d3 20. Kg2 Nf6 21.
Rc4 Nd7 22. Qc1 Qf6 23. Rd1 Ne5 24. Nxe5 Qxe5 25. Qe3 b5 26. Rc3 Rd4 27. Rcxd3
Qxe4+ 28. Qxe4 Rxe4 29. Rd7 a5 30. Rxf7 Rxf7 31. Rd7 Rc4 32. Rd8+ Rf8 33. Rd2
a4 34. Bxc4+ bxc4 35. Rc2 Rc8 36. Kf3 Kf7 37. Ke4 Ke6 38. f4 Kd6 39. g4 Re8+
40. Kf3 Kc5 41. h4 Rb8 0-1

[Event "Liga Madrileña 2010/2011 - D. Honor"]
[Site "Madrid ESP"]
[Date "2010.11.21"]
[Round "1.24"]
[White "Gemy Vargas, Jose Daniel"]
[Black "Solaesa Navalpotro, Luis Julio"]
[Result "0-1"]
[WhiteElo "2316"]
[BlackElo "2251"]
[PlyCount "96"]
[EventDate "2010.11.21"]
[EventType "team"]
[EventRounds "14"]
[EventCountry "ESP"]
[Source "lmi"]
[SourceDate "2010.11.21"]
[WhiteTeam "La Casa del Ajedrez"]
[BlackTeam "Moratalaz"]
[WhiteTeamCountry "ESP"]
[BlackTeamCountry "ESP"]

1. Nf3 Nf6 2. b3 d5 3. Bb2 Bf5 4. e3 e6 5. Be2 h6 6. O-O Be7 7. Ne5 Nbd7 8. f4
Nxe5 9. fxe5 Nd7 10. Bg4 Bg6 11. Qf3 O-O 12. d3 c6 13. Nd2 Qa5 14. Qf2 Bb4 15.
Nf3 Bc3 16. Bxc3 Qxc3 17. Qg3 Bh7 18. Rac1 Qc5 19. Nd4 Qe7 20. h4 c5 21. Nf3 b5
22. Rf2 a5 23. Bh5 a4 24. Nh2 f6 25. exf6 Nxf6 26. Bg6 Bxg6 27. Qxg6 Qf7 28.
Qg3 Nh5 29. Qf3 Qg6 30. Qg4 Qxg4 31. Nxg4 Rxf2 32. Kxf2 Rf8+ 33. Kg1 Ng3 34.
Re1 axb3 35. axb3 Nf5 36. e4 Nxh4 37. exd5 exd5 38. Re6 Rf5 39. c4 bxc4 40.
bxc4 Rg5 41. Ne3 d4 42. Re4 Nf3+ 43. Kf2 Nd2 44. Nd5 Nxe4+ 45. dxe4 Kf7 46. Kf3
Rg6 47. g4 Rf6+ 48. Ke2 Ke6 0-1

[Event "Liga Madrileña 2010/2011 - D. Honor"]
[Site "Madrid ESP"]
[Date "2010.11.22"]
[Round "1.25"]
[White "Sanchez-Alarcos Galian, Victor"]
[Black "Suarez Uriel, Adrian"]
[Result "1-0"]
[WhiteElo "2192"]
[BlackElo "2215"]
[PlyCount "107"]
[EventDate "2010.11.21"]
[EventType "team"]
[EventRounds "14"]
[EventCountry "ESP"]
[Source "lmi"]
[SourceDate "2010.11.21"]
[WhiteTeam "Moratalaz"]
[BlackTeam "La Casa del Ajedrez"]
[WhiteTeamCountry "ESP"]
[BlackTeamCountry "ESP"]

1. d4 Nf6 2. Nf3 g6 3. g3 Bg7 4. Bg2 c6 5. O-O d5 6. c4 dxc4 7. Ne5 Be6 8. Na3
Nbd7 9. Naxc4 Nxe5 10. Nxe5 O-O 11. Bf4 Qb6 12. e3 Nd5 13. Nd3 Rfd8 14. Qe2
Rac8 15. Rfd1 Qa6 16. Bf3 Nxf4 17. gxf4 Bd5 18. Bxd5 Rxd5 19. Qc2 Qb6 20. b4 e6
21. Rab1 Qd8 22. Ne5 Bxe5 23. fxe5 Qg5+ 24. Kh1 Qh5 25. Qd3 Qh4 26. Qe2 f6 27.
exf6 Qxf6 28. f4 Rf8 29. Qd3 Rh5 30. Qe4 Kh8 31. Rg1 Rd8 32. Rg5 Rxg5 33. fxg5
Qf5 34. Qxf5 exf5 35. Kg2 Rd5 36. Kf3 Kg7 37. Kf4 Kf7 38. h4 Rd6 39. b5 b6 40.
Rc1 cxb5 41. Rc7+ Ke6 42. Rxa7 Kd5 43. Rxh7 Re6 44. h5 Re4+ 45. Kf3 Rg4 46.
hxg6 Rxg5 47. Rg7 Rg1 48. Kf4 Ke6 49. Rb7 Rg4+ 50. Kf3 Rxg6 51. Rxb6+ Kf7 52.
Rxg6 Kxg6 53. Kf4 Kf6 54. a3 1-0

[Event "Liga Madrileña 2010/2011 - D. Honor"]
[Site "Madrid ESP"]
[Date "2010.11.22"]
[Round "1.26"]
[White "Collado Barbas, Laura"]
[Black "Sagredo Viana, Jose Manuel"]
[Result "1-0"]
[WhiteElo "2040"]
[BlackElo "2064"]
[PlyCount "67"]
[EventDate "2010.11.21"]
[EventType "team"]
[EventRounds "14"]
[EventCountry "ESP"]
[Source "lmi"]
[SourceDate "2010.11.21"]
[WhiteTeam "Moratalaz"]
[BlackTeam "La Casa del Ajedrez"]
[WhiteTeamCountry "ESP"]
[BlackTeamCountry "ESP"]

1. d4 Nf6 2. c4 c5 3. d5 b5 4. cxb5 a6 5. bxa6 g6 6. Nc3 Bxa6 7. Nf3 d6 8. g3
Bg7 9. Bg2 O-O 10. O-O Nbd7 11. Rb1 Qa5 12. Bd2 Rfb8 13. Qc2 Bb7 14. Rfe1 Ng4
15. b3 Nge5 16. Nxe5 Nxe5 17. a4 Ba6 18. Na2 Qd8 19. h3 Ra7 20. Bc3 Bc8 21. f4
Nd7 22. Bxg7 Kxg7 23. e4 Nf6 24. Nc3 Qb6 25. Kh2 Qb4 26. e5 Nh5 27. Nb5 Rxb5
28. axb5 Qxb5 29. exd6 exd6 30. Qc3+ Nf6 31. g4 Qb4 32. Qxb4 cxb4 33. Rbc1 Ra8
34. Rc7 1-0

[Event "Liga Madrileña 2010/2011 - D. Honor"]
[Site "Madrid ESP"]
[Date "2010.11.21"]
[Round "1.31"]
[White "Adan Bermudez, Sergio"]
[Black "Anton Guijarro, David"]
[Result "1/2-1/2"]
[WhiteElo "2264"]
[BlackElo "2421"]
[PlyCount "80"]
[EventDate "2010.11.21"]
[EventType "team"]
[EventRounds "14"]
[EventCountry "ESP"]
[Source "lmi"]
[SourceDate "2010.11.21"]
[WhiteTeam "Pueblo Nuevo"]
[BlackTeam "Virgen de Atocha"]
[WhiteTeamCountry "ESP"]
[BlackTeamCountry "ESP"]

1. c4 e6 2. Nf3 d5 3. e3 Nf6 4. b3 Be7 5. Be2 c5 6. Bb2 Nc6 7. cxd5 exd5 8. O-O
O-O 9. d4 Bg4 10. dxc5 Bxc5 11. Nc3 Rc8 12. Rc1 Bd6 13. Nb5 Bb8 14. Nbd4 Ne4
15. Nxc6 bxc6 16. Ne5 Bxe2 17. Qxe2 c5 18. Rfd1 Re8 19. f4 f6 20. Nf3 Qd7 21.
Qd3 Rcd8 22. Nd2 Nxd2 23. Rxd2 Qe7 24. g3 Bc7 25. Ba3 Bb6 26. Qc3 d4 27. exd4
cxd4 28. Qc4+ Qf7 29. Bc5 Rc8 30. Qxf7+ Kxf7 31. b4 a5 32. a3 Re4 33. Rc4 axb4
34. axb4 Kg6 35. Kg2 Bxc5 36. bxc5 Kf5 37. c6 Ke6 38. c7 Kd5 39. Rc1 Re7 40.
Rcd1 Rexc7 1/2-1/2

[Event "Liga Madrileña 2010/2011 - D. Honor"]
[Site "Madrid ESP"]
[Date "2010.11.21"]
[Round "1.32"]
[White "Rubio Mejia, Luis"]
[Black "Barez Menendez, Hector"]
[Result "1-0"]
[WhiteElo "2409"]
[BlackElo "2168"]
[PlyCount "75"]
[EventDate "2010.11.21"]
[EventType "team"]
[EventRounds "14"]
[EventCountry "ESP"]
[Source "lmi"]
[SourceDate "2010.11.21"]
[WhiteTeam "Virgen de Atocha"]
[BlackTeam "Pueblo Nuevo"]
[WhiteTeamCountry "ESP"]
[BlackTeamCountry "ESP"]

1. d4 d5 2. c4 e6 3. Nc3 Nf6 4. cxd5 exd5 5. Bg5 c6 6. e3 Be7 7. Qc2 Nbd7 8.
Bd3 O-O 9. Nge2 Re8 10. O-O-O Nf8 11. h3 a5 12. Kb1 b5 13. g4 a4 14. Ng3 Qa5
15. Nce2 Bd7 16. Nf5 Bxf5 17. gxf5 Rac8 18. Rhg1 Kh8 19. f3 N8d7 20. e4 c5 21.
Qd2 Qxd2 22. Bxd2 dxe4 23. fxe4 Rb8 24. e5 Nd5 25. Be4 N7b6 26. Nf4 Rbd8 27.
Nxd5 Nxd5 28. Ba5 Rd7 29. dxc5 Bxc5 30. Rge1 Ra8 31. Rxd5 Rxd5 32. Bxd5 Rxa5
33. Rc1 b4 34. Bxf7 g5 35. f6 h6 36. e6 Be3 37. Rc8+ Kh7 38. e7 1-0

[Event "Liga Madrileña 2010/2011 - D. Honor"]
[Site "Madrid ESP"]
[Date "2010.11.21"]
[Round "1.33"]
[White "Baigorri Navarro, Francisco Javier"]
[Black "Martinez Martin, David"]
[Result "0-1"]
[WhiteElo "2149"]
[BlackElo "2398"]
[PlyCount "48"]
[EventDate "2010.11.21"]
[EventType "team"]
[EventRounds "14"]
[EventCountry "ESP"]
[Source "lmi"]
[SourceDate "2010.11.21"]
[WhiteTeam "Pueblo Nuevo"]
[BlackTeam "Virgen de Atocha"]
[WhiteTeamCountry "ESP"]
[BlackTeamCountry "ESP"]

1. Nf3 d5 2. c4 d4 3. g3 Nc6 4. d3 e5 5. Bg2 Bb4+ 6. Bd2 a5 7. O-O Nf6 8. e3
Bg4 9. h3 Bxf3 10. Qxf3 O-O 11. Bc1 dxe3 12. Qxe3 Nd4 13. a3 Nc2 14. Qe2 Nxa1
15. axb4 axb4 16. Bxb7 Ra7 17. Bg2 Nb3 18. Bg5 h6 19. Bxf6 Qxf6 20. Qd1 Nc5 21.
Qd2 Qb6 22. Qe3 Ra2 23. b3 Qd6 24. Rd1 Nxb3 0-1

[Event "Liga Madrileña 2010/2011 - D. Honor"]
[Site "Madrid ESP"]
[Date "2010.11.21"]
[Round "1.34"]
[White "Rudolf, Anna"]
[Black "Nieto de la Cruz, Julio"]
[Result "1-0"]
[WhiteElo "2347"]
[BlackElo "2135"]
[PlyCount "87"]
[EventDate "2010.11.21"]
[EventType "team"]
[EventRounds "14"]
[EventCountry "ESP"]
[Source "lmi"]
[SourceDate "2010.11.21"]
[WhiteTeam "Virgen de Atocha"]
[BlackTeam "Pueblo Nuevo"]
[WhiteTeamCountry "ESP"]
[BlackTeamCountry "ESP"]

1. e4 c5 2. Nf3 d6 3. d4 Nf6 4. Nc3 cxd4 5. Nxd4 Nc6 6. Bc4 Bd7 7. O-O Rc8 8.
Bb3 Qa5 9. Re1 a6 10. Nxc6 Bxc6 11. Nd5 Nd7 12. Bd2 Qd8 13. Bc3 e6 14. f4 Bb5
15. Qd4 Qh4 16. a4 Bc6 17. Rad1 Qh6 18. Rd3 Qh4 19. Rh3 Qd8 20. a5 Bb5 21. Kh1
Rc5 22. Bb4 Nb8 23. c4 Bd7 24. Bxc5 dxc5 25. Qd2 Be7 26. Nxe7 Kxe7 27. Rd1 Bc6
28. Qc3 Qf8 29. Qe5 Nd7 30. Qd6+ Ke8 31. Qd2 Qe7 32. Rd3 Qd8 33. e5 Ke7 34. Rg3
Rg8 35. Bc2 g6 36. b4 Qc7 37. Rd3 Rc8 38. Rd6 Rb8 39. Be4 Nf8 40. Bxc6 bxc6 41.
Qe3 cxb4 42. Qc5 Ke8 43. Rxc6 Qe7 44. Rc8+ 1-0

[Event "Liga Madrileña 2010/2011 - D. Honor"]
[Site "Madrid ESP"]
[Date "2010.11.21"]
[Round "1.35"]
[White "Fernandez Lledo, Javier"]
[Black "Vazquez Torres, Adrian"]
[Result "1-0"]
[WhiteElo "2138"]
[BlackElo "2166"]
[PlyCount "85"]
[EventDate "2010.11.21"]
[EventType "team"]
[EventRounds "14"]
[EventCountry "ESP"]
[Source "lmi"]
[SourceDate "2010.11.21"]
[WhiteTeam "Pueblo Nuevo"]
[BlackTeam "Virgen de Atocha"]
[WhiteTeamCountry "ESP"]
[BlackTeamCountry "ESP"]

1. e4 c5 2. Nf3 d6 3. d4 cxd4 4. Nxd4 Nf6 5. Nc3 Nc6 6. Bc4 Qb6 7. Nxc6 bxc6 8.
O-O e6 9. Re1 Be7 10. Qe2 O-O 11. Rb1 d5 12. exd5 exd5 13. Bxd5 cxd5 14. Qxe7
Bf5 15. Be3 d4 16. Qe5 dxe3 17. Qxf5 Ng4 18. fxe3 Nxe3 19. Qf2 Nxc2 20. Qxb6
axb6 21. Re4 Rfe8 22. Rxe8+ Rxe8 23. Nd5 b5 24. Nc7 Rb8 25. Rc1 Nb4 26. Nxb5
Nxa2 27. Rc7 g6 28. Nd6 Rxb2 29. Nxf7 Nb4 30. Nh6+ Kf8 31. Rf7+ Ke8 32. Rxh7
Nd5 33. Ng4 Nf4 34. g3 Ne2+ 35. Kf2 Nd4+ 36. Ke3 Ne6 37. h4 Rb3+ 38. Kf2 Nd4
39. Ne5 Rb2+ 40. Ke3 Nf5+ 41. Kf4 Rb4+ 42. Kg5 Nxg3 43. Rh8+ 1-0

[Event "Liga Madrileña 2010/2011 - D. Honor"]
[Site "Madrid ESP"]
[Date "2010.11.21"]
[Round "1.36"]
[White "Suarez Triguero, Jose Alfonso"]
[Black "Rodrigo Yanguas, Maria"]
[Result "1-0"]
[WhiteElo "2073"]
[BlackElo "2070"]
[PlyCount "55"]
[EventDate "2010.11.21"]
[EventType "team"]
[EventRounds "14"]
[EventCountry "ESP"]
[Source "lmi"]
[SourceDate "2010.11.21"]
[WhiteTeam "Virgen de Atocha"]
[BlackTeam "Pueblo Nuevo"]
[WhiteTeamCountry "ESP"]
[BlackTeamCountry "ESP"]

1. e4 e6 2. d4 d5 3. Nc3 Nf6 4. Bg5 Bb4 5. Nge2 dxe4 6. a3 Be7 7. Bxf6 gxf6 8.
Nxe4 Nc6 9. g3 b6 10. Bg2 Bb7 11. N4c3 Qd7 12. Nf4 O-O-O 13. d5 Qe8 14. O-O Ba6
15. Re1 Na5 16. b4 Nc4 17. Qe2 e5 18. Bf1 b5 19. Nd3 Nd6 20. Nc5 Bb7 21. Nxb7
Kxb7 22. a4 a6 23. axb5 axb5 24. Ra5 f5 25. Nxb5 Nxb5 26. Rxb5+ Kc8 27. Qxe5
Rd7 28. Ra1 1-0

[Event "Liga Madrileña 2010/2011 - D. Honor"]
[Site "Madrid ESP"]
[Date "2010.11.21"]
[Round "1.41"]
[White "Vazquez Igarza, Renier"]
[Black "Candela Perez, Jose"]
[Result "1-0"]
[WhiteElo "2558"]
[BlackElo "2399"]
[PlyCount "125"]
[EventDate "2010.11.21"]
[EventType "team"]
[EventRounds "14"]
[EventCountry "ESP"]
[Source "lmi"]
[SourceDate "2010.11.21"]
[WhiteTeam "Collado Villalba"]
[BlackTeam "Leganes"]
[WhiteTeamCountry "ESP"]
[BlackTeamCountry "ESP"]

1. Nf3 Nf6 2. c4 g6 3. Nc3 Bg7 4. e4 d6 5. d4 O-O 6. Be2 e5 7. Be3 Ng4 8. Bg5
f6 9. Bh4 c6 10. d5 c5 11. Nd2 Nh6 12. f3 Nf7 13. a3 Bh6 14. Rb1 Bg5 15. Bf2 f5
16. b4 b6 17. bxc5 bxc5 18. Qc2 Bxd2+ 19. Qxd2 Nd7 20. exf5 gxf5 21. O-O Nh8
22. Kh1 Ng6 23. Bd3 e4 24. Be2 exf3 25. gxf3 f4 26. Rg1 Nde5 27. Ne4 Rf5 28.
Rb3 Kh8 29. Qb2 Ba6 30. Bf1 Rh5 31. Be1 Kg7 32. Bc3 Kh6 33. Qg2 Qe7 34. Nf2 Rg8
35. Bd2 Qh4 36. Ng4+ Kg7 37. Bc3 Kf7 38. Bxe5 dxe5 39. Bd3 Bc8 40. Qe2 Qe7 41.
Be4 Qd6 42. Qf2 Ba6 43. Qc2 Kg7 44. Qc3 Rg5 45. Rbb1 Kh8 46. Nh6 Rxg1+ 47. Rxg1
Rf8 48. Rg5 Qf6 49. Rf5 Qg7 50. Rxf8+ Nxf8 51. Ng4 h5 52. Nxe5 Bxc4 53. Nf7+
Kg8 54. Qxc4 Qa1+ 55. Kg2 Qg7+ 56. Kh1 Qxf7 57. Qxc5 Qg7 58. d6 Qa1+ 59. Kg2
Qg7+ 60. Kh3 Qd7+ 61. Bf5 Qb7 62. Qc4+ Kg7 63. Qc7+ 1-0

[Event "Liga Madrileña 2010/2011 - D. Honor"]
[Site "Madrid ESP"]
[Date "2010.11.21"]
[Round "1.42"]
[White "Gonzalez Perez, Arian"]
[Black "Moreno Ruiz, Javier"]
[Result "0-1"]
[WhiteElo "2435"]
[BlackElo "2527"]
[PlyCount "172"]
[EventDate "2010.11.21"]
[EventType "team"]
[EventRounds "14"]
[EventCountry "ESP"]
[Source "lmi"]
[SourceDate "2010.11.21"]
[WhiteTeam "Leganes"]
[BlackTeam "Collado Villalba"]
[WhiteTeamCountry "ESP"]
[BlackTeamCountry "ESP"]

1. c4 d6 2. Nc3 e5 3. g3 Nc6 4. Bg2 g6 5. d3 Bg7 6. e3 Be6 7. Nge2 Qd7 8. Nd5
Nd8 9. e4 c6 10. Ne3 Bh3 11. O-O Bxg2 12. Kxg2 Ne7 13. f4 f5 14. exf5 gxf5 15.
Bd2 O-O 16. Bc3 Ne6 17. d4 exf4 18. Nxf4 Nxf4+ 19. gxf4 Ng6 20. Kh1 Rae8 21.
Ng2 Re4 22. Qh5 d5 23. c5 Rfe8 24. Rf3 Re2 25. Rg1 Bf6 26. Rg3 R2e7 27. Rxg6+
hxg6 28. Qxg6+ Bg7 29. Nh4 Rf7 30. Nf3 Qe6 31. Qxe6 Rxe6 32. Ng5 Re2 33. Nxf7
Kxf7 34. Rg5 Bf6 35. Rg3 Rf2 36. Rd3 Rxf4 37. Kg2 Re4 38. Kf3 Kg6 39. Rd2 Bg5
40. Rd3 Rh4 41. Kg3 f4+ 42. Kg2 Kf5 43. Be1 Rh7 44. Rh3 Re7 45. Kf1 Ke4 46. Bf2
Bf6 47. Rb3 Rh7 48. h3 Bg5 49. Ke2 Rf7 50. h4 f3+ 51. Kf1 Bf4 52. Ra3 a6 53.
Rb3 Rg7 54. Rb4 Be3 55. Rb3 Bd2 56. Rb6 Rh7 57. Rb3 Bf4 58. Rb4 Be3 59. Rb3
Bxf2 60. Kxf2 Rxh4 61. Rxb7 Rh2+ 62. Kg1 Rc2 63. a3 Ke3 64. Re7+ Kxd4 65. b4
Kc4 66. Rc7 Kb5 67. Rb7+ Ka4 68. Rb6 Kxa3 69. Rxa6+ Kxb4 70. Rxc6 Rxc5 71. Rf6
Rc3 72. Kf2 d4 73. Rf8 Kc4 74. Rc8+ Kb3 75. Rd8 Kc4 76. Rc8+ Kd3 77. Rd8 Rc7
78. Rf8 Kd2 79. Kxf3 Re7 80. Ra8 d3 81. Rd8 Kc2 82. Rc8+ Kd1 83. Kf2 d2 84. Rd8
Rf7+ 85. Kg2 Rc7 86. Kf2 Kc1 0-1